The Very Hungry Caterpillar Foods Quiz Stats

 Plays Quiz Updated Mar 17, 2020

Support Sporcle.
Go Orange.
Score 0/16 Timer 04:00
0 Plays Today
% Correct
Slice of Watermelon
87.2%
Single Leaf
85.4%
Red Apple
84.6%
Red Strawberries
84%
Purple Plums
78.6%
Slice of Swiss Cheese
77.4%
Piece of Chocolate Cake
76.9%
Green Pears
76%
% Correct
Piece of Cherry Pie
74%
Whole Oranges
69.1%
Ice Cream Cone
68.1%
Slice of Salami
67.9%
Pickle
64.1%
Lollipop
62.8%
Cupcake
61.3%
Sausage
57.3%

From the Vault

Remove Ads.
Support Sporcle.
Get the best of Sporcle when you Go Orange. This ad-free experience offers more features, more stats, and more fun while also helping to support Sporcle. Thank you for becoming a member.

Show Comments

Extras

Top Quizzes Today


Score Distribution

Your Account Isn't Verified!

In order to create a playlist on Sporcle, you need to verify the email address you used during registration. Go to your Sporcle Settings to finish the process.

Report this User

Report this user for behavior that violates our Community Guidelines.

Details: